| 000 | 00326 a2200133 4500 | ||
|---|---|---|---|
| 999 |
_c320462 _d320462 |
||
| 001 | 85389 | ||
| 003 | NUST | ||
| 005 | 20180119193458.0 | ||
| 008 | 180119b xxu||||| |||| 00| 0 eng d | ||
| 020 | _a9781932099874 | ||
| 082 | _a297.090511 GUL | ||
| 100 |
_aM. Fethullah Gulen _99146 |
||
| 245 | _aThe Statue of our Souls | ||
| 260 |
_aNew Jersy _bTughra Books _c2011 |
||
| 300 | _axii 172 | ||
| 942 |
_acae nust _k297.090511 GUL _cBK _2ddc |
||